000 00868nam a2200277Ia 4500
001 Para_1721
003 CHAP
008 220125s1999 xx 000 0 und d
010 _a200339
040 _cCHAP
082 _aPA 632.58 C6 1999
111 _aCongreso Nacional y Simposio de la Ciencia de la Maleza (20:1999:Culiacán, Sin.)
_9165215
245 _aMemoria /
_c por Asociación Mexicana de la Ciencia de la Maleza
260 _aCuliacán, Sin. :
_b La Asociación
300 _a209 p.
650 _aMalas hierbas
_x congresos
_970010
650 _aMalas hierbas
_x México
_970025
710 _aAsociación Mexicana de la Ciencia de la Maleza
_9165198
901 _aPA 632.58 C6 1999
902 _aA
905 _a0000001999 0000000000 00
910 _a1999
942 _cPARA
942 _cPARA
_d1
999 _c200339
_d200339